000 01099nam a2200241 a 4500
003 SISC
005 20170123142547.0
008 120713s19uu xx 00 eng d
020 _a9780230279285
050 _aHD 57.7
_b.F866 2011
100 _aCanals, Jordi.
245 _aThe future of leadership development :
_bcorporate needs and the role of business schools /
_cedited by Jordi Canals.
260 _aNew York :
_bPalgrave Macmillan,
_c2011.
300 _axii, 328 pages :
_billustrations ;
_c24 cm.
500 _aIncludes bibliographical references and index.
520 _a"The current financial crisis highlights the need to rethink business leadership and the role of business schools in helping firms develop the leaders of the future. This book brings together the perspectives of deans of top international business schools, and the views of CEOs and senior business leaders"-- Provided by publisher.
650 _aLeadership.
650 _aBusiness education.
650 _aBusiness schools.
650 _aBusiness and economics.
942 _cBK
_2lcc
_kFOR
999 _c25200
_d25200